000
00284nam a2200109Ia 4500
008
200302s9999 xx 000 0 und d
100
_a
Geoffrey Makstutis
245
_a
Architecture an Introduction
260
_b
Laurence King Publishing Ltd. London
260
_c
2010
300
_a
248 P.,
999
_c
3075
_d
3075